| 000 | 01638cad a22002535a 4500 | ||
|---|---|---|---|
| 001 | L148768 | ||
| 008 | 091109s2009 xxkabo f 000 0 eng d | ||
| 020 | _a9781846330247 | ||
| 035 | _a(Sirsi) u148768 | ||
| 041 | 0 | _aeng | |
| 050 | 0 | 4 | _a720 $2 18 |
| 110 | 2 |
_aCommission for Architecture and the Built Environment _94058 |
|
| 245 | 0 | 0 |
_aDesign review _bprinciples and practice _h[electronic resource] |
| 260 |
_aLondon _bCABE _c2009 |
||
| 505 | 2 | _aForeword -- Working together on design review -- Supporting good design: the case for good design; ten principles of design review; the role of design review in the planning system; design review panels at different spatial scales -- Panels in practice -- How to get the best out of design review: how to set up a design review panel; how to appoint and train panel members -- How to organise a panel meeting -- Further information | |
| 520 | _aAims to explain how design review can support good design through the planning process. Shows how to organise and run a review design panel. Promotes ten principles of good practice for all types of panels including independency, accountability and expertise. Illustrates by cases studies the range of panels currently operating. | ||
| 520 | _aSupersedes the publication "How to design review" (L134144). | ||
| 521 | _aAdvanced | ||
| 590 | _aKA NTK | ||
| 651 | 4 |
_aEngland _y886- |
|
| 690 | _aBUILT ENVIRONMENT-CONSTRUCTION MANAGEMENT-CONSTRUCTION DESIGN AND MANAGEMENT | ||
| 856 | 4 | 0 |
_uhttps://www.cabe.org.uk/publications/design-review-principles-and-practice _zView the publication free of charge at www.cabe.org.uk... |
| 942 | _n0 | ||
| 999 |
_c110216 _d110216 |
||